| 000 | 00520nam a22001697a 4500 | ||
|---|---|---|---|
| 003 | BD-ChCU | ||
| 005 | 20251111091817.0 | ||
| 008 | 251111b bg ||||| |||| 00| 0 ben d | ||
| 040 | _cBD-ChCU | ||
| 082 | _aREF 261.809549235 SHE | ||
| 100 |
_aShowkat H. Khan. _915881 |
||
| 245 |
_aChristianity and social change : _bcase study of the Khasi tribesmen of Sylhet. _cKhan, H.Showkat |
||
| 260 |
_aBangladesh : _bChittagong, _c1982 |
||
| 300 | _aiii , 39p | ||
| 650 | 0 |
_aSociology , Christian. _915886 |
|
| 942 |
_2ddc _cBK _n0 |
||
| 999 |
_c109288 _d109288 |
||